Process evaluation and research planning

Uloženo v:
Podrobná bibliografie
Médium: Kniha
Jazyk:Undetermined
Vydáno: New York Chem Systems, Inc 1984
Témata:
Tagy: Přidat tag
Žádné tagy, Buďte první, kdo otaguje tento záznam!
Thư viện lưu trữ: Trung tâm Học liệu Trường Đại học Cần Thơ
LEADER 00422nam a2200157Ia 4500
001 CTU_81453
008 210402s9999 xx 000 0 und d
082 |a 660.2815 
082 |b P963 
245 0 |a Process evaluation and research planning 
260 |a New York 
260 |b Chem Systems, Inc 
260 |c 1984 
650 |a Chemical 
904 |i Trọng Hải 
980 |a Trung tâm Học liệu Trường Đại học Cần Thơ